000 00372pab a2200145 454500
008 180718b2004 xxu||||| |||| 00| 0 eng d
100 _aRobertson, Robbie
245 _aThe historical context and significance of globalization
260 _c2004
300 _ap.557-65.
362 _aJun
650 _aGlobalization
773 _aDevelopment and Change
909 _a62113
999 _c62113
_d62113